| 000 | 00670nam a2200229Ia 4500 | ||
|---|---|---|---|
| 003 | OSt | ||
| 005 | 20220923224447.0 | ||
| 006 | a|||||r|||| 00| 0 | ||
| 007 | ta | ||
| 008 | Pun | ||
| 024 | _a233,294 | ||
| 037 | _cTextual | ||
| 040 |
_aARTS _cARTS _bPun |
||
| 041 |
_2Pun _aPun |
||
| 082 | _aP153v, J0;L2 | ||
| 100 | _aਜੀ ਬੀ ਸਿੰਘ | ||
| 245 | 0 | _aਗੁਰਮੁਖੀ ਲਿਪੀ ਦਾ ਜਨਮ ਤੇ ਵਿਕਾਸ | |
| 260 |
_aਚ਼ੰਡੀਗੜ _b ਪੰਜਾਬ ਯੂਨੀਵਰਸਿਟੀ _c1972 |
||
| 300 |
_a181ਪੰ _ccm. |
||
| 942 |
_hP153v, J0;L2 _cTEXL _2CC |
||
| 999 |
_c371594 _d371594 |
||